[Event "Bundesliga 2021-22"]
[Site "Kiel GER"]
[Date "2022.03.05"]
[Round "1.5"]
[Board "2"]
[White "Salgado Lopez, Ivan"]
[Black "Piceu, Tom"]
[Result "1/2-1/2"]
[WhiteTitle "GM"]
[BlackTitle "IM"]
[WhiteElo "2611"]
[BlackElo "2331"]
[WhiteTeam "SK Doppelbauer Turm Kiel"]
[BlackTeam "Aachener SV"]
[WhiteFideId "2257327"]
[BlackFideId "201952"]
[EventDate "2022.03.05"]

1. e4 c5 2. Nf3 d6 3. Bb5+ Nd7 4. a4 a6 5. Be2 Ngf6 6. Nc3 g6 7. a5 Bg7 8. O-O
O-O 9. d3 Nb8 10. e5 Ng4 11. exd6 exd6 12. Bg5 Nf6 13. d4 cxd4 14. Nxd4 Nc6 15.
Nd5 Nxd4 16. Qxd4 Nxd5 17. Qxd5 Be6 18. Qd2 Qc7 19. c3 Rfe8 20. Be3 Bb3 21. Bb6
Qd7 22. Bf3 Re7 23. Rfe1 Rae8 24. Rxe7 Rxe7 25. h3 h5 26. Qf4 Re5 27. Bd4 Rf5
28. Qe3 Bxd4 29. Qxd4 Re5 30. Kh2 Qc7 31. Qb6 Qxb6 32. axb6 Bd5 33. Bxd5 Rxd5
34. c4 Rc5 35. Rxa6 Rxc4 36. Ra7 Rb4 37. Rxb7 Rxb2 38. Kg3 Kg7 39. Kf3 Kf6 40.
h4 Rb4 41. g3 d5 42. Ke3 Ke6 43. Kd3 Rb2 44. Kc3 Rb5 45. Kd4 Kf6 46. Rb8 Ke6 47.
f3 Kf5 48. Rb7 Ke6 49. Rb8 Kf5 50. b7 Kf6 51. g4 hxg4 52. fxg4 Kg7 53. g5 Rb1
54. Kc5 d4 55. Kc6 Rc1+ 56. Kd5 Rb1 57. Kc4 d3 58. Kxd3 Rb6 59. Kc4 Rb1 60. Kc5 1/2-1/2

[Event "Bundesliga 2021-22"]
[Site "Kiel GER"]
[Date "2022.03.05"]
[Round "1.5"]
[Board "4"]
[White "Bjerre, Jonas Buhl"]
[Black "Klein, Felix"]
[Result "1-0"]
[WhiteTitle "GM"]
[BlackTitle "FM"]
[WhiteElo "2601"]
[BlackElo "2266"]
[WhiteTeam "SK Doppelbauer Turm Kiel"]
[BlackTeam "Aachener SV"]
[WhiteFideId "1444948"]
[BlackFideId "24600458"]
[EventDate "2022.03.05"]

1. Nf3 d5 2. g3 Nf6 3. Bg2 e6 4. O-O c5 5. c4 d4 6. e3 Nc6 7. exd4 cxd4 8. d3
Nd7 9. Re1 Be7 10. Na3 a5 11. Bf4 g5 12. Bc1 O-O 13. Nc2 Nc5 14. b3 f6 15. Ba3
e5 16. Bxc5 Bxc5 17. a3 Kg7 18. Nd2 Rf7 19. Rb1 Qf8 20. Qc1 Bf5 21. Ne4 Re8 22.
Nxc5 Qxc5 23. b4 Qf8 24. Qd2 axb4 25. axb4 Nd8 26. c5 b6 27. cxb6 Qd6 28. Na3
Qxb6 29. Nc4 Qb8 30. Ra1 Rd7 31. Ra8 Qc7 32. b5 Ree7 33. b6 Qc5 34. Ra5 Qc8 35.
Rc1 Nb7 36. Nxe5 Qe8 37. Nxd7 Nxa5 38. Qxa5 Bxd7 39. b7 Qb8 40. Qa8 Re8 41. Qxb8
Rxb8 42. Rc7 1-0

[Event "Bundesliga 2021-22"]
[Site "Kiel GER"]
[Date "2022.03.05"]
[Round "1.6"]
[Board "1"]
[White "Banusz, Tamas"]
[Black "Svane, Rasmus"]
[Result "1/2-1/2"]
[WhiteTitle "GM"]
[BlackTitle "GM"]
[WhiteElo "2600"]
[BlackElo "2637"]
[WhiteTeam "Duesseldorfer SK"]
[BlackTeam "Hamburger SK"]
[WhiteFideId "722413"]
[BlackFideId "4657101"]
[EventDate "2022.03.05"]

1. Nf3 d5 2. g3 g6 3. Bg2 Bg7 4. d4 Nf6 5. O-O O-O 6. c3 Nbd7 7. a4 a5 8. Bf4 c6
9. h3 Re8 10. g4 h5 11. g5 Ne4 12. Nbd2 Nxd2 13. Qxd2 e5 14. dxe5 Nxe5 15. Bxe5
Bxe5 16. e4 Bg7 17. exd5 cxd5 18. Rfe1 Rxe1+ 19. Rxe1 Be6 20. h4 Rc8 21. Bf1 Qd6
22. Nd4 Bd7 23. Nb5 Bxb5 24. Bxb5 Rd8 25. Qd3 Qf4 1/2-1/2

[Event "Bundesliga 2021-22"]
[Site "Kiel GER"]
[Date "2022.03.05"]
[Round "1.6"]
[Board "2"]
[White "Papp, Gabor1"]
[Black "Tan, Justin2"]
[Result "1/2-1/2"]
[WhiteTitle "GM"]
[BlackTitle "GM"]
[WhiteElo "2574"]
[BlackElo "2533"]
[WhiteTeam "Hamburger SK"]
[BlackTeam "Duesseldorfer SK"]
[WhiteFideId "718602"]
[BlackFideId "3206882"]
[EventDate "2022.03.05"]

1. e4 e6 2. d4 d5 3. e5 c5 4. c3 Nc6 5. Nf3 Qb6 6. a3 c4 7. Be2 Bd7 8. Nbd2 Na5
9. O-O Ne7 10. a4 Nec6 11. Re1 Be7 12. h4 O-O-O 13. Bf1 f5 14. Rb1 Qc7 15. b4
cxb3 16. Nxb3 Nxb3 17. Qxb3 Na5 18. Qa2 h6 19. Ba3 Bc6 20. Bb4 Kb8 21. Qa3 Rhe8
22. h5 Ka8 23. Be2 Rc8 24. Rec1 1/2-1/2

[Event "Bundesliga 2021-22"]
[Site "Kiel GER"]
[Date "2022.03.05"]
[Round "1.6"]
[Board "4"]
[White "Kempinski, Robert"]
[Black "Berelowitsch, Alexander"]
[Result "0-1"]
[WhiteTitle "GM"]
[BlackTitle "GM"]
[WhiteElo "2568"]
[BlackElo "2506"]
[WhiteTeam "Hamburger SK"]
[BlackTeam "Duesseldorfer SK"]
[WhiteFideId "1105663"]
[BlackFideId "14101440"]
[EventDate "2022.03.05"]

1. d4 f5 2. Nf3 Nf6 3. c4 g6 4. e3 Bg7 5. b4 O-O 6. Bb2 c6 7. Be2 d6 8. O-O Nbd7
9. Nbd2 a5 10. a3 Ne4 11. Nxe4 fxe4 12. Nd2 Nf6 13. d5 cxd5 14. cxd5 Bf5 15. Nc4
axb4 16. axb4 Rxa1 17. Bxa1 h5 18. Qd2 Nd7 19. Bxg7 Kxg7 20. Qd4+ Nf6 21. Ra1
Qc7 22. h3 h4 23. Ra7 g5 24. b5 Kg6 25. b6 Qc8 26. Kh2 Nd7 27. Nd2 Nc5 28. f3
exf3 29. Bxf3 Qd8 30. Qb4 Rf7 31. Nb3 Qh8 32. Qd4 Qxd4 33. Nxd4 Rf8 34. Kg1 Kf6
35. Nxf5 Kxf5 36. Kf2 Ke5 37. Ke2 Rb8 38. Ra5 Nd7 39. Ra4 Kf6 40. Re4 Nc5 41.
Rb4 Ra8 42. Kd2 Ra6 43. Be2 Ra2+ 44. Ke1 Kf5 45. Kf1 Ra4 46. Rb2 Ke5 47. Bf3 Na6
48. Rc2 Nc5 49. Rb2 Rc4 50. Rb5 Ne4 51. Ra5 Rb4 52. Ra8 Nf6 53. Rc8 Rxb6 54. Rc7
Nxd5 55. Bxd5 Kxd5 56. Rxe7 Rb2 57. Kg1 b5 58. Rg7 b4 59. Rxg5+ Kc4 60. Rg4+ Kc3
61. Rxh4 b3 62. Rh8 Re2 63. Rc8+ Kd3 64. Rb8 b2 65. Kh2 Kc2 66. Rc8+ Kd1 67. Rb8
Kc1 68. h4 b1=Q 69. Rxb1+ Kxb1 70. h5 d5 71. h6 Rxe3 72. g4 d4 73. h7 Re8 74. g5
d3 75. g6 d2 76. g7 d1=Q 77. g8=Q Re2+ 78. Kh3 Qf1+ 79. Kh4 Qf4+ 0-1

[Event "Bundesliga 2021-22"]
[Site "Kiel GER"]
[Date "2022.03.05"]
[Round "1.6"]
[Board "5"]
[White "Levin, Felix"]
[Black "Ernst, Sipke"]
[Result "0-1"]
[WhiteTitle "GM"]
[BlackTitle "GM"]
[WhiteElo "2456"]
[BlackElo "2537"]
[WhiteTeam "Duesseldorfer SK"]
[BlackTeam "Hamburger SK"]
[WhiteFideId "4650905"]
[BlackFideId "1004689"]
[EventDate "2022.03.05"]

1. d4 d5 2. Nf3 Nf6 3. c4 c6 4. e3 Bf5 5. Nc3 e6 6. Nh4 Be4 7. f3 Bg6 8. Bd2 Be7
9. Nxg6 hxg6 10. Qb3 dxc4 11. Bxc4 b5 12. Be2 Nbd7 13. O-O-O a6 14. e4 c5 15. e5
cxd4 16. exf6 dxc3 17. Bxc3 Bxf6 18. Kb1 O-O 19. Bb4 Re8 20. h4 Qc7 21. g4 Rac8
22. Bd6 Qb6 23. g5 Bd4 24. Bg3 Nc5 25. Qb4 e5 26. Bf1 Na4 27. Rd2 Be3 28. Rd1
Qc6 29. Bd3 Qxf3 30. h5 gxh5 31. g6 Qxg3 32. gxf7+ Kxf7 33. Qb3+ Kf8 34. Bxb5
Qg6+ 35. Bd3 Qc6 36. Bf5 Nc3+ 37. Qxc3 Qxc3 38. bxc3 Rxc3 39. Rxh5 Rb8+ 40. Ka1
Rc1+ 0-1

[Event "Bundesliga 2021-22"]
[Site "Bremen GER"]
[Date "2022.03.05"]
[Round "1.7"]
[Board "1"]
[White "Adams, Michael"]
[Black "McShane, Luke J"]
[Result "1/2-1/2"]
[WhiteTitle "GM"]
[BlackTitle "GM"]
[WhiteElo "2698"]
[BlackElo "2647"]
[WhiteTeam "OSG Baden-Baden"]
[BlackTeam "SV Werder Bremen"]
[WhiteFideId "400041"]
[BlackFideId "404853"]
[EventDate "2022.03.05"]

1. e4 e5 2. Nf3 Nc6 3. Bc4 Bc5 4. d3 Nf6 5. a4 a6 6. a5 Bb4+ 7. Bd2 Bxd2+ 8.
Nbxd2 O-O 9. O-O d6 10. Re1 Kh8 11. c3 Nh5 12. g3 f5 13. Nxe5 Nxe5 14. Qxh5 f4
15. f3 Rf6 16. Qh4 fxg3 17. hxg3 Qe8 18. d4 Nxc4 19. Nxc4 Rxf3 20. e5 d5 21. Nd2
Rf5 22. Rf1 h6 23. Rxf5 Bxf5 24. Rf1 Qg6 25. Rf2 b6 26. axb6 cxb6 27. Nf1 Be6
28. Ne3 Qd3 29. Qf4 Ra7 30. Ng2 Kg8 31. Qf8+ Kh7 32. Kh2 Qd1 33. Qe8 Rf7 34. Nf4
Qg4 35. Kg2 Rxf4 36. Rxf4 Qe2+ 37. Rf2 Bh3+ 38. Kxh3 Qxf2 39. e6 1/2-1/2

[Event "Bundesliga 2021-22"]
[Site "Bremen GER"]
[Date "2022.03.05"]
[Round "1.7"]
[Board "4"]
[White "Edouard, Romain"]
[Black "Naiditsch, Arkadij"]
[Result "0-1"]
[WhiteTitle "GM"]
[BlackTitle "GM"]
[WhiteElo "2591"]
[BlackElo "2648"]
[WhiteTeam "SV Werder Bremen"]
[BlackTeam "OSG Baden-Baden"]
[WhiteFideId "633429"]
[BlackFideId "4650891"]
[EventDate "2022.03.05"]

1. d4 Nf6 2. c4 e6 3. Nc3 Bb4 4. Nf3 b6 5. Qb3 c5 6. Bg5 h6 7. Bh4 g5 8. Bg3 Ne4
9. e3 Bb7 10. Nd2 Bxc3 11. bxc3 Nxg3 12. hxg3 d6 13. a4 Nd7 14. a5 Nf6 15. f3
Bc6 16. Bd3 bxa5 17. Qa3 a4 18. Bc2 a5 19. e4 Qc7 20. Bxa4 Bxa4 21. Qxa4+ Kf8
22. Kf2 Kg7 23. Rhb1 cxd4 24. cxd4 e5 25. Rb5 exd4 26. Nb3 d3 27. Nd4 Rhb8 28.
Qb3 Rxb5 29. cxb5 d2 30. Qe3 a4 31. Qxd2 d5 32. e5 Qxe5 33. Re1 Qc7 34. Re7 Qb6
35. Qe3 Kg8 36. Nc6 Qxb5 37. Ne5 Re8 38. Nxf7 Ne4+ 39. fxe4 Rxe7 40. Nxh6+ Kf8
41. Qxg5 Qc5+ 42. Kf1 Ke8 43. Qg6+ Kd8 44. Qf6 a3 45. Nf5 Qc1+ 0-1

[Event "Bundesliga 2021-22"]
[Site "Bremen GER"]
[Date "2022.03.05"]
[Round "1.7"]
[Board "5"]
[White "Gustafsson, Jan"]
[Black "Babula, Vlastimil"]
[Result "1/2-1/2"]
[WhiteTitle "GM"]
[BlackTitle "GM"]
[WhiteElo "2643"]
[BlackElo "2568"]
[WhiteTeam "OSG Baden-Baden"]
[BlackTeam "SV Werder Bremen"]
[WhiteFideId "4625498"]
[BlackFideId "301264"]
[EventDate "2022.03.05"]

1. d4 Nf6 2. c4 e6 3. Nc3 Bb4 4. Qc2 d5 5. cxd5 exd5 6. Bg5 c5 7. dxc5 h6 8. Bh4
O-O 9. e3 Be6 10. Nf3 Nbd7 11. Nd4 Nxc5 12. a3 Bxc3+ 13. Qxc3 Rc8 14. f3 Re8 15.
Qd2 Bd7 16. Be2 Ne6 17. O-O Nxd4 18. exd4 Qb6 19. Rfe1 Nh7 20. a4 Nf8 21. a5 Qg6
22. Rac1 a6 23. Bd3 Bf5 24. Rxe8 Rxe8 25. Bf1 Ne6 26. b4 Qh5 27. Bf2 Qg5 28. Be3
Qe7 29. Bf2 Qg5 30. Qxg5 hxg5 31. Be3 f6 32. Kf2 Kf7 33. b5 axb5 34. Bxb5 Re7
35. g4 Bh7 36. Rc8 Rc7 37. Rxc7+ Nxc7 38. Bd7 Bd3 39. f4 gxf4 40. Bxf4 Ne6 41.
Be3 g5 42. Kg3 Ke7 43. Bc8 Ba6 44. h4 gxh4+ 45. Kxh4 Ng7 46. g5 fxg5+ 47. Kxg5
Ne8 48. Bf4 Nd6 49. Bg4 Bb5 50. Bxd6+ Kxd6 51. Kf6 Ba4 52. Bh5 Bb5 53. Bg4 Ba4
54. Be2 Bc6 55. Bd3 Ba4 56. Be2 Bd7 57. Bd3 1/2-1/2

[Event "Bundesliga 2021-22"]
[Site "Bremen GER"]
[Date "2022.03.05"]
[Round "1.7"]
[Board "6"]
[White "Pruijssers, Roeland"]
[Black "Meier, Georg"]
[Result "1/2-1/2"]
[WhiteTitle "GM"]
[BlackTitle "GM"]
[WhiteElo "2570"]
[BlackElo "2631"]
[WhiteTeam "SV Werder Bremen"]
[BlackTeam "OSG Baden-Baden"]
[WhiteFideId "1013068"]
[BlackFideId "4675789"]
[EventDate "2022.03.05"]

1. c4 e6 2. Nc3 d5 3. d4 Be7 4. Nf3 Nf6 5. Bf4 O-O 6. e3 Nbd7 7. c5 c6 8. Bd3 b6
9. b4 a5 10. a3 Ba6 11. Bxa6 Rxa6 12. O-O Qa8 13. b5 cxb5 14. Nxb5 Qc6 15. Nc7
Ra7 16. cxb6 Nxb6 17. Rc1 Nc4 18. Ne5 Qxc7 19. Nxc4 Qb7 20. Nxa5 Rxa5 21. Rc7
Qb5 1/2-1/2

[Event "Bundesliga 2021-22"]
[Site "Bremen GER"]
[Date "2022.03.05"]
[Round "1.7"]
[Board "7"]
[White "Movsesian, Sergei"]
[Black "Grigorian, Spartak"]
[Result "1/2-1/2"]
[WhiteTitle "GM"]
[BlackTitle "IM"]
[WhiteElo "2609"]
[BlackElo "2472"]
[WhiteTeam "OSG Baden-Baden"]
[BlackTeam "SV Werder Bremen"]
[WhiteFideId "310204"]
[BlackFideId "24661490"]
[EventDate "2022.03.05"]

1. e4 c5 2. Nc3 d6 3. Nge2 Nf6 4. d4 cxd4 5. Nxd4 a6 6. g3 e5 7. Nde2 Be7 8. Bg2
b5 9. a4 b4 10. Nd5 Nxd5 11. Qxd5 Ra7 12. Be3 Be6 13. Qd3 Rb7 14. O-O O-O 15. b3
Qd7 16. f4 f6 17. f5 Bf7 18. g4 Rc8 19. Rac1 Rc6 20. Qd2 Qc8 21. c4 bxc3 22.
Nxc3 Rxb3 23. Nd5 Bd8 24. g5 1/2-1/2

[Event "Bundesliga 2021-22"]
[Site "Bremen GER"]
[Date "2022.03.05"]
[Round "1.7"]
[Board "8"]
[White "Markgraf, Alexander"]
[Black "Doettling, Fabian"]
[Result "0-1"]
[WhiteTitle "IM"]
[BlackTitle "GM"]
[WhiteElo "2482"]
[BlackElo "2587"]
[WhiteTeam "SV Werder Bremen"]
[BlackTeam "OSG Baden-Baden"]
[WhiteFideId "4646410"]
[BlackFideId "4627253"]
[EventDate "2022.03.05"]

1. e4 c6 2. d4 d5 3. e5 Bf5 4. Nf3 e6 5. Be2 Ne7 6. O-O h6 7. c3 Nd7 8. Na3 Bh7
9. Nc2 Ng6 10. Nfe1 Be7 11. f4 O-O 12. Bd3 f6 13. f5 exf5 14. e6 Nb6 15. Bxf5
Qe8 16. Qg4 Kh8 17. Nd3 Bd6 18. b3 Nc8 19. Qe2 Nce7 20. Bh3 Qb8 21. g3 Re8 22.
Bxh6 gxh6 23. Rxf6 Rf8 24. Raf1 Rxf6 25. Rxf6 Bxg3 26. hxg3 Qxg3+ 27. Bg2 Nh4
28. Nce1 Nxg2 29. Qxg2 Qe3+ 30. Qf2 Rg8+ 31. Kh2 Qg5 32. Rf3 Bf5 33. Nf4 Be4 34.
Nh3 Qh5 35. Rg3 Bf5 36. Ng2 Rxg3 37. Qxg3 Qxh3+ 38. Qxh3 Bxh3 39. Kxh3 Kg7 40.
Kg4 Kf6 41. Nf4 b5 42. b4 Ng6 43. Nd3 Kxe6 44. Kh5 Kf5 45. Kxh6 Nf4 46. Ne5 Ne2
47. Nxc6 a6 48. Kg7 Nxc3 49. Kf7 Nxa2 50. Ke7 Ke4 51. Kd6 Nc1 52. Ne7 Kxd4 53.
Nxd5 Nd3 54. Kc6 Kc4 55. Ne3+ Kxb4 56. Kb6 Nc5 57. Nd5+ Kc4 58. Ne3+ Kd3 59. Nd5
Kd4 60. Kc6 Nd3 61. Nb6 Nb4+ 62. Kb7 a5 0-1

[Event "Bundesliga 2021-22"]
[Site "Bremen GER"]
[Date "2022.03.05"]
[Round "1.8"]
[Board "1"]
[White "Keymer, Vincent"]
[Black "Nguyen, Thai Dai Van"]
[Result "1/2-1/2"]
[WhiteTitle "GM"]
[BlackTitle "GM"]
[WhiteElo "2655"]
[BlackElo "2623"]
[WhiteTeam "Schachfreunde Deizisau"]
[BlackTeam "SV Muelheim Nord"]
[WhiteFideId "12940690"]
[BlackFideId "358878"]
[EventDate "2022.03.05"]

1. c4 Nf6 2. Nf3 e6 3. b3 c5 4. g3 d5 5. cxd5 exd5 6. Bg2 Nc6 7. O-O d4 8. Na3
Be7 9. Bb2 O-O 10. Nc4 Be6 11. e3 Rc8 12. exd4 cxd4 13. Rc1 Bd5 14. d3 Nb4 15.
Nxd4 Bxg2 16. Kxg2 b5 17. Ne5 Rxc1 18. Qxc1 Qd5+ 19. Ndf3 Nxa2 20. Nc6 Bc5 21.
Qg5 h6 22. Qxd5 Nxd5 23. Nfe5 Rc8 24. Ra1 f6 25. Nxa7 Bxa7 26. Rxa2 Bxf2 27.
Kxf2 Nb4 28. Ra5 Rc2+ 29. Kg1 Rxb2 30. Rxb5 fxe5 31. Rxb4 Rd2 32. Rb5 1/2-1/2

[Event "Bundesliga 2021-22"]
[Site "Bremen GER"]
[Date "2022.03.05"]
[Round "1.8"]
[Board "2"]
[White "Vrolijk, Liam"]
[Black "Bluebaum, Matthias"]
[Result "1/2-1/2"]
[WhiteTitle "IM"]
[BlackTitle "GM"]
[WhiteElo "2476"]
[BlackElo "2642"]
[WhiteTeam "SV Muelheim Nord"]
[BlackTeam "Schachfreunde Deizisau"]
[WhiteFideId "1048333"]
[BlackFideId "24651516"]
[EventDate "2022.03.05"]

1. d4 Nf6 2. c4 e6 3. Nf3 d5 4. g3 Bb4+ 5. Bd2 Bd6 6. Bg2 c6 7. O-O Nbd7 8. Bc3
Ne4 9. Nbd2 Nxc3 10. bxc3 O-O 11. e4 dxe4 12. Nxe4 Be7 13. Re1 Qc7 14. a4 Rd8
15. Qc2 h6 16. a5 c5 17. Red1 Rb8 18. Qa4 Nf6 19. Ne5 Nxe4 20. Bxe4 cxd4 21.
cxd4 Bf6 22. Rab1 Bxe5 23. dxe5 Bd7 24. Qb4 Bc6 25. Qc5 Rxd1+ 26. Rxd1 Rc8 27.
Bxc6 b6 28. axb6 axb6 29. Qb5 Qxc6 30. Rd8+ Kh7 31. Qb1+ g6 32. Rxc8 Qxc8 33.
Qxb6 1/2-1/2

[Event "Bundesliga 2021-22"]
[Site "Bremen GER"]
[Date "2022.03.05"]
[Round "1.8"]
[Board "3"]
[White "Kamsky, Gata"]
[Black "Zelbel, Patrick"]
[Result "1-0"]
[WhiteTitle "GM"]
[BlackTitle "IM"]
[WhiteElo "2658"]
[BlackElo "2458"]
[WhiteTeam "Schachfreunde Deizisau"]
[BlackTeam "SV Muelheim Nord"]
[WhiteFideId "2000024"]
[BlackFideId "24624322"]
[EventDate "2022.03.05"]

1. Nf3 Nf6 2. c4 g6 3. Nc3 Bg7 4. d4 O-O 5. Bg5 d6 6. e3 c5 7. Be2 cxd4 8. Nxd4
Qa5 9. Bxf6 Bxf6 10. O-O Bg7 11. b4 Qd8 12. Qb3 Nc6 13. Rad1 Bd7 14. c5 Nxd4 15.
exd4 Rc8 16. Rfe1 a5 17. Bf3 Bc6 18. Bxc6 Rxc6 19. b5 Rc8 20. Nd5 e6 21. Nb6 Rc7
22. Qg3 d5 23. Qc3 Qh4 24. g3 Qg4 25. Kg2 a4 26. h3 Qf5 27. Nxa4 Ra8 28. Qb3 h5
29. Nb6 Rd8 30. a4 g5 31. Qe3 g4 32. hxg4 hxg4 33. Qf4 Qxf4 34. gxf4 Re7 35. f3
gxf3+ 36. Kxf3 1-0

[Event "Bundesliga 2021-22"]
[Site "Bremen GER"]
[Date "2022.03.05"]
[Round "1.8"]
[Board "4"]
[White "Buckels, Valentin"]
[Black "Kollars, Dmitrij"]
[Result "0-1"]
[WhiteTitle "IM"]
[BlackTitle "GM"]
[WhiteElo "2454"]
[BlackElo "2635"]
[WhiteTeam "SV Muelheim Nord"]
[BlackTeam "Schachfreunde Deizisau"]
[WhiteFideId "12942766"]
[BlackFideId "12909572"]
[EventDate "2022.03.05"]

1. c4 e5 2. g3 c6 3. Nf3 e4 4. Nd4 d5 5. cxd5 Qxd5 6. Nc2 Nf6 7. Nc3 Qe5 8. Bg2
Na6 9. O-O Be7 10. d4 exd3 11. Qxd3 O-O 12. Rd1 Qh5 13. Qe3 Re8 14. Qg5 Qxg5 15.
Bxg5 h6 16. Bf4 g5 17. Bd6 Bf5 18. Nd4 Bd7 19. Nb3 Rac8 20. Na5 b6 21. Nc4 Nc5
22. Bxe7 Rxe7 23. Nd6 Rc7 24. b4 Na6 25. a3 c5 26. b5 Nb8 27. Nde4 Nxe4 28. Bxe4
Kg7 29. Nd5 Bxb5 30. Nxe7 Rxe7 31. Bf3 Nd7 32. a4 Bc4 33. e3 Ne5 34. Bg2 Be2 35.
Rd8 g4 36. h3 h5 37. Rc1 Nf3+ 38. Kh1 Re4 39. a5 Rb4 40. Rd5 Kg6 41. hxg4 hxg4
42. Bf1 Bxf1 43. Rxf1 Rb2 44. Kg2 Nd2 45. Rd1 Ne4 46. Re5 Nxf2 47. Rd6+ f6 48.
Kf1 Nh1 49. Ree6 Nxg3+ 50. Kg1 Ne2+ 51. Kf1 bxa5 52. Rxf6+ Kg5 53. Rg6+ Kh4 54.
Rd5 Ng3+ 55. Ke1 Ne4 56. Re5 Nf2 57. Kf1 c4 58. Rxa5 Kg3 59. Rxa7 Nd3 60. Rag7
Ne5 61. Rf6 Nf3 0-1

[Event "Bundesliga 2021-22"]
[Site "Bremen GER"]
[Date "2022.03.05"]
[Round "1.8"]
[Board "5"]
[White "Kozul, Zdenko"]
[Black "Lenaerts, Lennert"]
[Result "1/2-1/2"]
[WhiteTitle "GM"]
[BlackTitle "FM"]
[WhiteElo "2619"]
[BlackElo "2361"]
[WhiteTeam "Schachfreunde Deizisau"]
[BlackTeam "SV Muelheim Nord"]
[WhiteFideId "14502879"]
[BlackFideId "211435"]
[EventDate "2022.03.05"]

1. d4 d5 2. c4 c6 3. Nf3 Nf6 4. e3 Bg4 5. h3 Bh5 6. Nc3 e6 7. g4 Bg6 8. Ne5 Nbd7
9. Nxg6 hxg6 10. g5 Ne4 11. Nxe4 dxe4 12. h4 Qa5+ 13. Bd2 Bb4 14. a3 Bxd2+ 15.
Qxd2 Qxd2+ 16. Kxd2 f5 17. c5 Ke7 18. b4 a6 19. a4 b6 20. Be2 a5 21. b5 bxc5 22.
bxc6 cxd4 23. cxd7 d3 24. Bd1 Rab8 25. h5 gxh5 26. Rxh5 Rb2+ 27. Ke1 Rhb8 28.
Rh7 Rg8 29. Ra3 Kxd7 30. Rb3 Rxb3 31. Bxb3 Kd6 32. Bd1 e5 33. Kd2 Rb8 34. Rxg7
Rb2+ 35. Kc3 Rxf2 36. g6 f4 37. exf4 exf4 38. Rf7 e3 39. Kxd3 Rd2+ 40. Kc4 Rxd1
41. g7 Rg1 42. Rxf4 Rxg7 43. Kd3 Re7 44. Ke2 Kc5 45. Rh4 Re5 46. Rg4 Kd5 47. Rh4
Re4 48. Rh5+ Re5 1/2-1/2

[Event "Bundesliga 2021-22"]
[Site "Bremen GER"]
[Date "2022.03.05"]
[Round "1.8"]
[Board "6"]
[White "Van Osch, Mees"]
[Black "Heimann, Andreas"]
[Result "0-1"]
[WhiteTitle "FM"]
[BlackTitle "GM"]
[WhiteElo "2349"]
[BlackElo "2581"]
[WhiteTeam "SV Muelheim Nord"]
[BlackTeam "Schachfreunde Deizisau"]
[WhiteFideId "1035967"]
[BlackFideId "24624632"]
[EventDate "2022.03.05"]

1. e4 e5 2. Nf3 Nc6 3. Nc3 Nf6 4. h3 d5 5. exd5 Nxd5 6. Bb5 Nxc3 7. bxc3 Bd6 8.
O-O O-O 9. Re1 Re8 10. d4 exd4 11. Rxe8+ Qxe8 12. cxd4 a6 13. Bf1 Bf5 14. c4 Rd8
15. Qb3 Nxd4 16. Nxd4 Qe5 17. g3 Qxd4 18. Bb2 Qd2 19. Rd1 Qc2 20. Qxc2 Bxc2 21.
Rd2 Bf5 22. Bg2 b6 23. Bc3 Be6 24. Bf1 Rd7 25. h4 f6 26. Kh2 Bc5 27. Rxd7 Bxd7
28. Kg2 Bf5 29. Bb2 Be4+ 30. f3 Bb1 31. a3 Kf7 32. g4 Ke6 33. Kg3 Bd6+ 34. Kf2
Be5 35. Bc1 Kd6 36. c5+ Kxc5 37. Bxa6 Bd4+ 38. Ke2 b5 39. f4 h5 40. gxh5 Bf5 41.
a4 bxa4 42. Ba3+ Kd5 43. Bb5 Ke4 44. Bxa4 Bg4+ 45. Kf1 Bxh5 46. Bf8 f5 47. Bc6+
Kxf4 48. Be7 Bf6 0-1

[Event "Bundesliga 2021-22"]
[Site "Bremen GER"]
[Date "2022.03.05"]
[Round "1.8"]
[Board "7"]
[White "Dautov, Rustem"]
[Black "Rezasade, Amir"]
[Result "1-0"]
[WhiteTitle "GM"]
[BlackTitle "FM"]
[WhiteElo "2596"]
[BlackElo "2334"]
[WhiteTeam "Schachfreunde Deizisau"]
[BlackTeam "SV Muelheim Nord"]
[WhiteFideId "4623606"]
[BlackFideId "4692950"]
[EventDate "2022.03.05"]

1. d4 d5 2. c4 e6 3. Nf3 Nf6 4. Nc3 Be7 5. Bg5 h6 6. Bh4 O-O 7. e3 Ne4 8. Bxe7
Qxe7 9. Rc1 c6 10. Bd3 Nxc3 11. Rxc3 dxc4 12. Bxc4 Nd7 13. O-O b6 14. Qe2 c5 15.
Bb5 cxd4 16. Nxd4 Nc5 17. b4 Ne4 18. Rc2 Bb7 19. Bc6 a5 20. Qd3 Nf6 21. b5 Rfd8
22. Qe2 Rd6 23. Rfc1 Nd5 24. a3 Bxc6 25. bxc6 Nc7 26. a4 Rd5 27. h3 Rad8 28. Rb1
Qa3 29. Rc4 e5 30. Nf5 Ne6 31. c7 Rc8 32. Rxb6 Rxc7 33. Rxe6 fxe6 34. Rxc7 exf5
35. Qc4 Qd3 36. Qc6 Qd1+ 37. Kh2 Kh7 38. Qf6 1-0

[Event "Bundesliga 2021-22"]
[Site "Viernheim GER"]
[Date "2022.03.06"]
[Round "2.1"]
[Board "1"]
[White "Van Foreest, Jorden"]
[Black "Braeuer, Franz"]
[Result "1-0"]
[WhiteTitle "GM"]
[BlackTitle "IM"]
[WhiteElo "2714"]
[BlackElo "2428"]
[WhiteTeam "SG Solingen"]
[BlackTeam "BCA Augsburg"]
[WhiteFideId "1039784"]
[BlackFideId "24634468"]
[EventDate "2022.03.05"]

1. d4 d5 2. c4 c6 3. Nf3 Nf6 4. e3 e6 5. Bd3 Nbd7 6. O-O Be7 7. Nc3 O-O 8. e4
dxe4 9. Nxe4 c5 10. Nc3 cxd4 11. Nxd4 Nc5 12. Bc2 e5 13. Nf5 Bxf5 14. Bxf5 g6
15. Bc2 Qxd1 16. Rxd1 Ne6 17. Re1 Rac8 18. Rxe5 Bc5 19. Ne4 Nxe4 20. Rxe4 Bd4
21. Bd3 Rfd8 22. Bf1 Nc5 23. Re2 Re8 24. Be3 Bxe3 25. Rxe3 Rxe3 26. fxe3 a5 27.
Rd1 Kf8 28. g4 Ke7 29. Bg2 b6 30. Kf2 h6 31. b3 Nd7 32. Ke2 Rc5 33. Bd5 Ne5 34.
h3 b5 35. e4 bxc4 36. bxc4 Rc8 37. Rc1 Kd6 38. Ke3 Rb8 39. c5+ Kc7 40. Rf1 Rb5
41. Kd4 1-0

[Event "Bundesliga 2021-22"]
[Site "Viernheim GER"]
[Date "2022.03.06"]
[Round "2.1"]
[Board "2"]
[White "Schmittdiel, Eckhard"]
[Black "Ragger, Markus"]
[Result "1/2-1/2"]
[WhiteTitle "GM"]
[BlackTitle "GM"]
[WhiteElo "2402"]
[BlackElo "2647"]
[WhiteTeam "BCA Augsburg"]
[BlackTeam "SG Solingen"]
[WhiteFideId "4600096"]
[BlackFideId "1610856"]
[EventDate "2022.03.05"]

1. e4 c6 2. d3 d5 3. Nd2 e5 4. Ngf3 Bd6 5. g3 Nf6 6. Bg2 O-O 7. O-O Re8 8. Re1
Bg4 9. h3 Bh5 10. c3 Nbd7 11. Qc2 a5 12. a4 Qc7 13. Nh4 Nc5 14. Nf5 Bf8 15. Nb3
Ne6 16. Bd2 Rad8 17. Ne3 b6 18. Rac1 dxe4 19. dxe4 Nd7 20. Nc4 b5 21. axb5 a4
22. b6 Nxb6 23. Nba5 Nc5 24. Be3 Nbd7 25. Rb1 f6 26. b4 axb3 27. Nxb3 Nxb3 28.
Rxb3 Bf7 29. Bf1 Bc5 30. Rb2 Bxe3 31. Nxe3 Nc5 32. Reb1 Rd7 33. Rd1 Rxd1 34.
Nxd1 Qa7 35. Ne3 Rd8 36. Rb4 Kf8 37. Qb1 g6 38. h4 Kg7 39. Bc4 Bxc4 40. Rxc4 Rb8
41. Qd1 Qe7 1/2-1/2